Шість найближчих країн - Грузія - Statistics

General Stats
  • This quiz has been taken 7 times
  • The average score is 4 of 6
Answer Stats
км країна % Correct
0 Росія
100%
0 Вірменія
67%
0 Азербайджан
67%
0 Туреччина
67%
417 Україна
67%
189 Іран
33%
No matching quizzes found
Score Distribution
Percent of People with Each Score
Percentile by Number Answered
Your Score History
You have not taken this quiz